| 000 | 00438cam a2200181 a 4500 | ||
|---|---|---|---|
| 020 | _a4900737348 (pbk.) | ||
| 040 | _cWaSKC | ||
| 082 | _a364 YEN 1996 A014 Or. | ||
| 100 | 1 | _aSchreiber, Mark. | |
| 245 | 1 | 0 | _aShocking crimes of postwar Japan / |
| 250 | _a1st ed. | ||
| 260 |
_aTokyo : _bYenbooks, _c1996. |
||
| 300 |
_a312 p. : _bill., ports. ; _c19 cm. |
||
| 650 | 0 | _aCrime | |
| 650 | 0 | _aCriminals | |
| 650 | 0 | _aMurder | |
| 942 | _cEK | ||
| 999 |
_c13106 _d13106 |
||